[Event "Charity Cup MCCT Prel 2022"]
[Site "Online"]
[Date "2022.03.15"]
[Round "2.3"]
[White "Le, Quang Liem"]
[Black "Praggnanandhaa R"]
[Result "1-0"]
[WhiteElo "2709"]
[BlackElo "2612"]
[Annotator "TA"]
[PlyCount "139"]
[EventDate "2022.03.18"]
[EventType "tourn"]
[EventCountry "NET"]
[SourceTitle "playchess.com"]
[Source "ChessBase"]
[SourceQuality "1"]

{[%evp 18,139,9,15,20,8,5,0,7,9,0,0,0,-11,-6,-7,0,-23,-31,-29,88,110,93,95,85,91,90,92,101,46,46,61,41,70,57,42,46,50,67,77,82,94,98,57,81,64,131,118,191,171,188,50,73,68,67,67,75,67,66,42,43,47,72,72,72,51,60,12,12,0,6,7,4,4,4,0,0,0,0,0,0,-8,0,-257,-225,-4622,-2797,-1692,-1289,-2936,0,0,0,0,0,0,0,0,0,0,0,0,0,0,0,0,0,0,0,0,0,0,0,0,29986,29984,29988,29989,29988,29989,29990,29991,29991,29992]} 1. d4 Nf6 2. c4 e6 3. Nf3 d5 4. Nc3 c5 5. e3 Nc6 6. a3 dxc4 7. Bxc4 a6 8. O-O b5 9. Ba2 Bb7 10. Qe2 Qc7 {D40: Queen's Gambit Declined: Semi-Tarrasch with 5 e3.} 11. Bd2 Rd8 {[%cal Rc5d4]} 12. Rac1 cxd4 {The position is equal.} 13. exd4 {[#]} Be7 $146 (13... Nxd4 $2 14. Nxd4 Bc5 15. Nf3 $18) ({Predecessor:} 13... Ng4 14. Bxe6 Nxd4 15. Bxf7+ Kd7 16. Qd3 Bc5 17. Nxb5 axb5 18. Rxc5 Qxc5 19. Nxd4 Nxf2 20. Rxf2 {1-0 (27) Langeweg,K (2385)-Granados Gomez,M (2400) Zaragoza 1995}) 14. h3 {Prevents Ng4.} O-O (14... Nxd4 $2 15. Nxd4 Qd6 16. Be3 $18) 15. Rfd1 ({But not} 15. Ne4 Qb8 16. Nc5 (16. Nxf6+ Bxf6 17. d5 exd5 $17) 16... Nxd4 17. Nxd4 Rxd4 $15) 15... Qb8 ({Don't do} 15... Nxd4 16. Nxd4 Rxd4 17. Nxb5 $1 {[%mdl 512]} Rxd2 18. Qxd2 $16 (18. Nxc7 $2 {is the wrong capture.} Rxe2 19. Bc4 Rxb2 $19)) 16. Bg5 b4 17. Na4 h6 18. Bh4 Nd5 (18... Nh5 $11 19. d5 Nf4) 19. Bxd5 $16 Rxd5 20. Nb6 $1 Nxd4 21. Nxd4 Bxh4 22. Nxd5 {White is more active.} Bxd5 {A strong pair of Bishops.} 23. Nc6 ({White should play} 23. Qxa6 $16 Qf4 24. Qe2) 23... Qb7 $14 24. Nxb4 Bxg2 25. Qg4 Bh1 {[%cal Oh6h5] [#] And now ...h5! would win.} 26. Nc6 $1 $36 {[%mdl 2048] White is more active. Chess con chili.} Bxc6 27. Qxh4 Bd5 28. b4 $1 {[%cal Bb2b4,Bb4a5][%mdl 32]} Qb5 29. Kh2 Qe2 30. Rg1 (30. Qf4 $16) 30... Qb2 31. Qg3 g6 (31... Qf6 $14) 32. Rc3 $1 $16 a5 (32... Rd8 $16) 33. bxa5 $18 Ra8 34. Rc7 (34. Rc5 $1 $18) 34... Qd4 35. Qe3 Qxe3 36. fxe3 {Hoping for Rf1.} Rxa5 $14 {[%mdl 4096] Endgame KRR-KRB} 37. Rf1 e5 $1 38. Ra1 Kg7 39. a4 Bb3 40. Ra3 Bd5 41. Kg3 g5 42. h4 (42. Ra1 $14 {deserves consideration.}) 42... Kg6 $1 $11 43. Rd7 f5 $1 44. Rd6+ Kh5 45. hxg5 hxg5 46. Rb6 f4+ 47. Kf2 {Black must now prevent Rb5.} Rc5 48. exf4 exf4 49. Rb2 Kh4 50. a5 $2 {[%mdl 8192]} (50. Rb4 $11) 50... g4 $19 {[%cal Bg5g4,Bg4g3][%mdl 32] Threatens to win with ...g3+.} 51. Rb4 $2 (51. Ra1 g3+ 52. Kg1) 51... g3+ 52. Ke2 Kg5 {Strongly threatening ...Rc2+.} 53. a6 Ba8 $2 (53... g2 $19 54. Rb1 Rc2+ 55. Kd3 f3 $1) 54. Rb8 $11 Re5+ 55. Kd2 $1 Bc6 56. a7 {Ra6 is the strong threat.} f3 57. Rg8+ Kh4 $1 (57... Kf4 $2 {[#]} 58. Ra4+ $3 {[%mdl 512]} Kf5 59. Rxg3 $1 Re2+ 60. Kd3 $18) 58. Ra6 f2 59. Rxc6 f1=Q {( -> ...Rd5+)} 60. Rh6+ Rh5 61. Rxh5+ Kxh5 62. a8=Q {White wants to mate with Qd5+.} Qf2+ 63. Kd3 {Qe8+ would kill now.} Qf1+ $1 64. Ke4 {Intending Qd5+ and mate.} Qc4+ 65. Kf3 {White threatens Qe8+ and mate.} Qd3+ $2 {[%mdl 8192]} (65... Qf1+ $11 66. Kxg3 Qg1+ 67. Qg2 Qe1+ 68. Kh2 Qh4+ 69. Qh3 Qxh3+ 70. Kxh3 Kh6) 66. Kf4 {[%cal Ra8h1] White mates.} Qd2+ 67. Kxg3 Qe1+ 68. Kh3 Qe6+ 69. Kh2 Qe5+ 70. Rg3 {Both players deserved the win here.  Weighted Error Value: White=0.36/Black=0.26 (precise)} 1-0

[Event "Charity Cup MCCT Prel 2022"]
[Site "Online"]
[Date "2022.03.15"]
[Round "2.4"]
[White "Ju, Wenjun"]
[Black "Lei, Tingjie"]
[Result "1/2-1/2"]
[WhiteElo "2560"]
[BlackElo "2535"]
[Annotator "TA"]
[PlyCount "107"]
[EventDate "2022.03.18"]
[EventType "tourn"]
[EventCountry "NET"]
[SourceTitle "playchess.com"]
[Source "ChessBase"]
[SourceQuality "1"]

{[%evp 20,107,0,0,0,8,13,14,13,16,59,69,65,46,52,60,64,40,71,60,68,73,73,70,79,70,70,70,69,76,71,58,58,58,58,58,58,58,57,57,89,83,81,66,66,51,61,66,44,0,0,0,0,0,0,0,12,0,0,0,0,0,0,0,0,0,0,0,0,0,0,0,0,0,0,0,0,0,0,0,0,0,0,0,0,0,0,0,0,0]} 1. d4 Nf6 2. c4 e6 3. Nc3 Bb4 4. e3 O-O 5. Bd3 d5 6. Nf3 dxc4 7. Bxc4 c5 8. O-O Nc6 9. a3 Ba5 10. dxc5 Bxc3 11. bxc3 Qxd1 {E56: Nimzo-Indian: Rubinstein: Main Line: 7...Nc6.} 12. Rxd1 Ne4 {[%csl LRc3,LRc5]} 13. Bb2 Nxc5 14. a4 b6 (14... Rd8 $11 {feels stronger.}) 15. Ba3 $14 {[%cal Oa4a5]} Na5 16. Be2 Bb7 17. Bxc5 bxc5 {[#]} 18. Ne5 $146 ({Predecessor:} 18. Rab1 Bc6 19. Bb5 Be4 20. Rb2 Rab8 21. Ne5 Rfd8 22. Rbd2 Rxd2 23. Rxd2 f6 24. f3 {½-½ (50) Korchmar,V (2424)-Sargsyan,S (2477) Chess.com INT 2018}) 18... Rfd8 19. Rab1 {[%cal Ba1b1,Bb1b5,Bb5a5,Ba5a7,Ba7d7][%mdl 32]} f6 20. Nd7 Rac8 21. Rb5 Ba6 22. Rxa5 Bxe2 23. Rd2 Bh5 ({Not} 23... Rb8 24. h3 $16) 24. Rxa7 {[#] Strongly threatening a5.} Be8 25. f3 {[%cal Od7b6] White is much more active.} Bxd7 26. Rdxd7 Rxd7 27. Rxd7 {[%mdl 4096] Endgame Black must now prevent Ra7. KR-KR} Ra8 {Inhibits Ra7.} 28. Rc7 Rxa4 29. Rxc5 Ra2 30. h4 f5 31. Rc4 Rc2 32. Kh2 Kf7 33. Kg3 $1 Kf6 34. e4 (34. f4 $14) 34... fxe4 $11 {The position is equal.} 35. fxe4 h5 36. Rc5 g6 37. Kf3 Rc1 38. g3 e5 39. Rc6+ Kf7 40. Rc8 Rf1+ 41. Ke2 Rg1 42. Kf2 Rc1 43. Rc6 Rc2+ 44. Kf3 Rc1 45. g4 Rf1+ 46. Ke2 Rf4 47. gxh5 gxh5 48. Ke3 Rxh4 49. c4 Rh3+ 50. Kf2 Rh4 51. Kf3 Rh3+ 52. Kf2 Rh4 53. Kf3 Rh3+ 54. Kf2 {Weighted Error Value: White=0.04 (flawless) /Black=0.03 (flawless)} 1/2-1/2

[Event "Charity Cup MCCT Prel 2022"]
[Site "Online"]
[Date "2022.03.15"]
[Round "2.5"]
[White "Vidit, Santosh Gujrathi"]
[Black "Rapport, Richard"]
[Result "1-0"]
[WhiteElo "2727"]
[BlackElo "2762"]
[Annotator "TA"]
[PlyCount "95"]
[EventDate "2022.03.18"]
[EventType "tourn"]
[EventCountry "NET"]
[SourceTitle "playchess.com"]
[Source "ChessBase"]
[SourceQuality "1"]

{[%evp 25,95,25,26,26,40,37,32,20,36,16,41,32,64,40,64,29,70,31,32,32,32,32,52,52,72,56,44,59,53,48,52,55,44,57,69,56,137,136,138,154,241,252,277,256,353,326,316,303,452,341,339,341,311,189,182,139,152,117,113,172,218,210,213,216,12831,10659,29982,29983,29980,29981,29983,29984]} 1. e4 e5 2. Nf3 Nc6 3. Bb5 {[%cal Bf1b5,Bb5a4,Ba4b3][%mdl 32]} a6 4. Ba4 Nf6 5. O-O Be7 6. Re1 b5 7. Bb3 d6 8. c3 O-O 9. h3 Na5 10. Bc2 c5 11. d4 Qc7 12. Nbd2 Re8 13. Nf1 g6 14. Bg5 {C97: Closed Ruy Lopez: Chigorin Defence: 11 d4 Qc7, sidelines.} Nc4 15. b3 Nb6 {[#]} 16. Qd2 $146 {White is slightly better.} ({Predecessor:} 16. Ne3 Bb7 17. dxe5 dxe5 18. Bxf6 Bxf6 19. c4 Bg7 20. a4 bxa4 21. bxa4 a5 22. Qd3 {0-1 (56) Yu,L (2407)-Gonda,L (2482) Budapest 2010}) 16... Bb7 17. Ng3 Nbd7 18. d5 Bf8 19. Rf1 Bg7 20. Bh6 Qd8 (20... Bxh6 $11 21. Qxh6 c4) 21. Nh2 {[%cal Og3f5]} Bxh6 22. Qxh6 Qe7 23. a4 Qf8 24. Qd2 Nb6 25. axb5 axb5 26. Bd3 c4 27. bxc4 bxc4 28. Be2 Rxa1 29. Rxa1 Ra8 30. Rb1 Ra6 {[#]} (30... Nfd7 $1 $14) 31. Qg5 $1 $16 Nfd7 32. Ng4 Bc8 (32... f6 $16 33. Qh4 Bc8) 33. Nh5 $18 Kh8 34. Nhf6 Ra8 35. f4 exf4 36. Qxf4 Rb8 (36... Na4 $142 37. Bxc4 Ndb6) 37. Nxd7 Nxd7 38. Rxb8 Nxb8 39. e5 (39. Bxc4 Bxg4 40. Qxg4 h5 $14) 39... Bxg4 40. Bxg4 ({Not} 40. Qxg4 dxe5 41. Qxc4 (41. Bxc4 Qc5+ 42. Kh1 Kg7 $15) 41... Qd6 $11) (40. hxg4 $18 {Strongly threatening Qf6+.} Qe7 41. e6 (41. Bxc4 Nd7 $16)) 40... dxe5 41. Qxe5+ Kg8 42. d6 {[%cal Bd5d6,Bd6d7][%mdl 32] White is much more active.} Qd8 (42... Nc6 {was worth a try.} 43. Qc5 Nd8) 43. Qe7 Qb6+ 44. Kh2 {Threatens to win with d7.} Nc6 $2 {[#]} (44... h5) 45. Qc7 Qb5 46. d7 {White mates.} Kg7 47. Bf3 Nd8 48. Qxd8 {Weighted Error Value: White=0.15 (very precise) /Black=0.43} 1-0

[Event "Charity Cup MCCT Prel 2022"]
[Site "Online"]
[Date "2022.03.16"]
[Round "2.6"]
[White "Duda, Jan-Krzysztof"]
[Black "Navara, David"]
[Result "1-0"]
[WhiteElo "2760"]
[BlackElo "2700"]
[Annotator "TA"]
[PlyCount "91"]
[EventDate "2022.03.18"]
[EventType "tourn"]
[EventCountry "NET"]
[SourceTitle "playchess.com"]
[Source "ChessBase"]
[SourceQuality "1"]

{[%evp 10,90,28,0,6,-14,14,4,0,0,12,-6,14,7,9,5,22,22,29,25,25,6,5,10,22,26,24,31,31,29,32,20,33,24,58,58,65,58,65,33,80,80,80,80,80,81,92,81,81,80,118,92,260,236,256,238,274,289,229,284,274,256,266,291,278,277,276,295,610,601,585,591,613,610,939,909,926,910,947,940,904,741,29999]} 1. e4 e5 2. Nf3 Nc6 3. Bb5 Nf6 4. d3 Bc5 5. Bxc6 dxc6 6. Nc3 Qe7 {C48: Four Knights: 4 Bb5, replies other than 4...Bb4.} 7. Be3 O-O 8. Bxc5 Qxc5 {[#] The position is equal.} 9. h3 $146 ({Predecessor:} 9. Qd2 a5 10. O-O Qe7 11. Qg5 Re8 12. a4 h6 13. Qe3 b6 14. b3 Bg4 15. Nd2 {½-½ (51) Tiviakov,S (2667)-Topalov,V (2783) Wijk aan Zee 2007}) 9... a5 10. a4 Rd8 11. O-O Ne8 12. Ne2 Qe7 13. Qc1 c5 14. Qe3 b6 15. Kh2 Nd6 16. b3 Bd7 17. Rg1 f6 18. g4 g5 19. Ng3 Kf7 20. Nd2 {[%cal Bf3d2,Bd2f1,Bf1e3][%mdl 32]} Rh8 21. Qf3 Rag8 22. Ndf1 Be6 23. Ne3 Rf8 24. h4 h6 (24... Ke8 $14) 25. Rg2 $16 ({Much worse is} 25. Ngf5 Bxf5 26. gxf5 (26. Nxf5 Nxf5 27. Qxf5 Rfg8 $11) 26... Ke8 $11) 25... Qd8 26. Rh1 Ke8 27. Kg1 Kd7 28. Rgh2 {[%cal Bg2h2,Bh2h6,Bh6e6,Be6e5,Be5g5,Bg5g8,Bg8g7,Bg7c7][%mdl 32]} Kc8 29. Ngf5 {[%cal Bg3f5,Bf5g7,Bg7e6][%mdl 32] Hoping for hxg5.} Kb8 {[%cal Oh6h5]} 30. Ng7 {Pair of Knights!} (30. hxg5 {with more complications.} Bxf5 31. exf5 hxg5 32. Qc6 Rxh2 33. Rxh2 Rf7 34. Qh1) 30... Qe7 {This costs Black the game.} (30... Bf7 $16) 31. Nxe6 $18 Qxe6 {[#]} 32. hxg5 $1 fxg5 {[#]} 33. Rxh6 $3 {[%mdl 512]} Rxf3 34. Rxe6 Rxh1+ 35. Kxh1 Rxf2 36. Rxe5 {[%mdl 4096] Endgame KRN-KRN} Re2 37. Nd5 Rxc2 38. Rxg5 {Threatens to win with Rg8+.} Rb2 $2 (38... b5 39. e5 Nc8 40. axb5 Rb2) 39. Rg8+ Kb7 {[#]} 40. Rg7 $1 ({Weaker is} 40. e5 Nc8 $16) 40... Rxb3 41. Rxc7+ Ka6 42. Rd7 Ne8 43. Re7 Nd6 44. Nc7+ Kb7 45. Nb5+ Kc6 46. Na7# {Weighted Error Value: White=0.05 (flawless) /Black=0.41} 1-0

[Event "Charity Cup MCCT Prel 2022"]
[Site "Online"]
[Date "2022.03.15"]
[Round "2.7"]
[White "Harikrishna, Pentala"]
[Black "Carlsen, Magnus"]
[Result "0-1"]
[WhiteElo "2719"]
[BlackElo "2865"]
[Annotator "TA"]
[PlyCount "122"]
[EventDate "2022.03.18"]
[EventType "tourn"]
[EventCountry "NET"]
[SourceTitle "playchess.com"]
[Source "ChessBase"]
[SourceQuality "1"]

{[%evp 13,122,0,0,0,0,0,1,-89,-95,-90,-87,-94,-81,-83,-8,-15,-17,-93,-56,-74,-54,-227,-231,-209,-93,-234,-218,-247,-212,-201,-125,-132,-122,-121,-53,-206,-207,-215,-199,-220,-214,-219,-221,-218,-116,-107,-112,-100,-106,-104,-93,-89,-96,-97,-105,-99,-89,-149,-110,-129,-129,-129,-129,-129,-129,-237,-129,-252,-153,-158,-122,-145,-26,-33,0,0,0,0,0,-8,0,0,0,-10,0,0,0,-30,-30,-30,-30,-37,-24,-31,-10,-522,-509,-458,-427,-908,-852,-1403,-1343,-1034,-587,-5716,-5533,-29997,-29998,-29998,-29999]} 1. e4 e6 2. d4 d5 3. Nc3 Nf6 4. e5 Nfd7 5. Nce2 c5 {[%cal Bc7c5,Bc5b4,Bb4c3][%mdl 32]} 6. c3 Nc6 7. Nf3 Be7 8. a3 {C11: French: Classical System: 4 e5 and 4 Bg5 dxe4.} O-O {8...0-0 is better than 8...a5.} 9. Nf4 Qa5 {[#]} 10. b4 $146 (10. Ra2 $11) ({Predecessor:} 10. Bd2 Qb6 11. Be3 Qxb2 12. Bd3 cxd4 13. cxd4 Na5 14. Rb1 Qc3+ 15. Bd2 Qc7 16. h4 {1-0 (25) Jobava,B (2588)-Bluebaum,M (2642) Warsaw 2021}) 10... cxb4 $17 11. Bd3 bxc3 12. Qc2 h6 {[%cal Oc6b4]} 13. Rb1 {Inhibits Nb4.} Nxd4 14. Nxd4 $11 Nxe5 15. Be2 (15. O-O $1 $11 {remains equal.}) 15... Nc6 (15... Bxa3 16. Ra1 Qb6 17. Rxa3 Qxd4 18. Be3 $14 (18. Rxc3 Bd7 $14) (18. Qxc3 Qxc3+ 19. Rxc3 Rd8 $14)) 16. Nb3 Qd8 $36 {[%mdl 2048] Black has some pressure.} 17. Qd3 $2 (17. Qxc3 $15 e5 18. Nh5) 17... d4 $19 18. Nh5 {[%cal Oc1h6,Bf4h5,Bh5g3,Bg3e4][%mdl 32]} e5 (18... Bh4 $19 {White must now prevent ...Re8.} 19. O-O e5) 19. O-O (19. Bxh6 $17 {was the only chance.} g6 20. Ng3) 19... g6 20. Ng3 {Inhibits Bf5.} h5 21. f4 exf4 22. Bxf4 h4 (22... Bxa3 23. Bh6 $11) 23. Ne4 Bf5 (23... Bxa3 24. Bg5 Be7 25. Bxe7 Nxe7 26. Nxd4 $16) (23... f5 $17 24. Nxc3 dxc3 25. Qxc3 Bf6) 24. g4 $2 (24. Qf3 $1 $15) 24... hxg3 $1 25. Bxg3 {[%cal Of1f5]} Qd5 {Chess con chili.} (25... Bxa3 26. Rxf5 gxf5 27. Qf3 $11) 26. Bf3 Ne5 (26... Bxa3 27. Bf2 Rfd8 28. Nxd4 Nxd4 29. Nf6+ Kf8 30. Nh7+ Kg7 31. Bxd5 Bxd3 32. Bxd4+ Kh6 33. Be3+ g5 34. Bxb7 Bxb1 35. Nxg5) 27. Nf6+ Bxf6 28. Qxf5 Nxf3+ (28... gxf5 29. Bxd5 Rfd8 30. Bh1 $17) (28... Qd8 $19 29. Qe4 Re8) 29. Qxf3 $17 Qxf3 30. Rxf3 Bg7 31. Na1 Rfe8 32. Kf1 Rad8 $1 {And now ...d3 would win.} 33. Rd1 ({Wrong is} 33. Rxb7 $2 d3 34. Rfxf7 Bh6 $19) 33... b5 34. Nc2 a5 35. Bf2 (35. Bc7 $142 Ra8 36. Rb1) 35... Rb8 36. Bxd4 b4 37. axb4 axb4 38. Bxg7 Kxg7 39. Na1 {[#]} (39. Kf2 $17) 39... Ra8 (39... Red8 $1 $19 {[%cal Rd8d1]} 40. Rb1 f5) 40. Rf2 (40. Nc2 $17 {was necessary.} b3 41. Rxc3 bxc2 42. Rxc2) 40... f5 {Strongly threatening ...Red8.} 41. Nb3 Re3 {[%cal Oc3c2][%mdl 1024] ...c2! is the strong threat. Black has strong compensation.} 42. Rb1 Rc8 {Black is more active.} ({Better is} 42... Re4 $17 {Hoping for ...Rc4.} 43. Rc2 Rf4+ 44. Ke1 Re8+ 45. Re2 Rg4) 43. Nd4 Rc4 44. Nc2 {[%csl LRb4,LRe3]} Ree4 45. Re2 Rh4 46. Kg2 Kf6 47. h3 Kg5 48. Kh2 Kf6 49. Kg3 g5 50. Rbe1 Rc6 51. Rb1 Rb6 52. Rb3 Kg6 53. Re8 Rd6 54. Rg8+ $2 {[%mdl 8192]} (54. Rxb4 $11 Rd3+ 55. Kf2) 54... Kf6 $19 55. Rf8+ {[#]} Ke6 $1 {aiming for ...Rd3+.} 56. Re8+ (56. Rxb4 $142 Rd3+ 57. Kf2 Rd2+ 58. Ke1 Rxc2 59. Re8+ Kd5 60. Rxh4 gxh4 61. Rd8+ Ke4 62. Re8+ Kf3 63. Kd1) 56... Kf7 57. Re2 Rd3+ 58. Kg2 f4 {Threatens to win with ...f3+.} ({Inferior is} 58... Rd2 59. Rxd2 cxd2 60. Rd3 $17) 59. Rf2 {Inhibits f3+.} Rdxh3 {( -> ...Rg3+)} 60. Nxb4 Rg3+ 61. Kf1 Rh1+ {Weighted Error Value: White=0.74/Black=0.26 (precise)} 0-1

[Event "Charity Cup MCCT Prel 2022"]
[Site "Online"]
[Date "2022.03.15"]
[Round "2.8"]
[White "Hansen, Eric"]
[Black "Ding, Liren"]
[Result "0-1"]
[WhiteElo "2606"]
[BlackElo "2799"]
[Annotator "TA"]
[PlyCount "88"]
[EventDate "2022.03.18"]
[EventType "tourn"]
[EventCountry "NET"]
[SourceTitle "playchess.com"]
[Source "ChessBase"]
[SourceQuality "1"]

{[%evp 12,88,21,16,2,1,11,0,7,0,0,0,0,0,0,0,0,0,0,-21,0,-15,-21,-47,-34,-57,-52,-62,-75,-87,-66,-110,-115,-129,-124,-116,-119,-107,-126,-132,-123,-177,-168,-173,-166,-195,-151,-156,-152,-232,-227,-328,-327,-357,-87,-107,-10,-77,-69,-69,-94,-122,0,-530,-514,-504,-520,-657,-197,-193,0,-179,0,-803,-772,-1279,-1180,-1861,-1126]} 1. e4 e5 2. Nf3 Nc6 3. Bc4 Nf6 4. d3 Bc5 5. O-O O-O 6. h3 d6 7. c3 a5 {C54: Giuoco Piano: 4 c3 Nf6, main lines with 5 d4 and 5 d3.} 8. Re1 h6 9. Nbd2 Be6 {The position is equal.} 10. Bb5 Qb8 11. Bxc6 bxc6 12. d4 exd4 13. cxd4 Bb6 14. b3 Re8 {[#]} 15. Bb2 $146 {[%cal Od4d5]} ({Predecessor:} 15. Qc2 Bd7 16. e5 Nd5 17. Ne4 Re6 18. Ba3 Nb4 19. Qd2 Qd8 20. Re2 Rg6 21. Kh2 {0-1 (45) Vocaturo,D (2620)-Anton Guijarro,D (2674) Batumi 2019}) 15... d5 16. e5 Nd7 17. Nf1 c5 18. Ng3 cxd4 19. Nxd4 Bxd4 20. Qxd4 c5 21. Qd2 (21. Qa4 $1 $15 {is more appropriate.}) 21... a4 $17 22. f4 d4 $1 (22... axb3 23. f5 $15) 23. bxa4 Rxa4 24. Qf2 f5 ({Of course not} 24... Rxa2 $6 25. Rxa2 Bxa2 26. Bxd4 $1 $11) 25. exf6 Nxf6 26. Re5 (26. Ne4 $17 {was worth a try.} Nd7 27. Ng3) 26... Bd5 $1 $19 27. Rxe8+ Qxe8 28. Re1 Qd7 (28... Qb8 $19 29. Nf5 Be4) 29. a3 $17 Ra8 {Black is more active.} 30. Qc2 (30. Kh2 $17) 30... Rb8 $19 31. Ba1 (31. Qf2 $142) 31... Rb3 32. Kh2 {[#]} Qd6 ({Inferior is} 32... Rxa3 33. Qxc5 Ra2 34. Rg1 $11) (32... Ng4+ $1 $19 {[%mdl 512] and Black stays clearly on top.} 33. hxg4 Qxg4) 33. Re5 $17 {Black must now prevent Nf5.} Rb7 (33... d3 $17 34. Qf2 Kh7) 34. Nf5 (34. a4 $1 $11 {remains equal.}) 34... Qf8 35. Qe2 Kh8 $36 {[%mdl 2048] Black is in control.} 36. a4 Rb1 (36... Bg8 $17 {...Nd7 is the strong threat.} 37. Ne7 Bf7) 37. Bb2 $2 {[%mdl 8192]} (37. Ne7 $1 $11 {and White is okay.} Bf7 38. Rxc5 Rxa1 39. Rc8) 37... Qb8 $19 38. Ba3 Ra1 39. Qd3 {[#]} Ra2 $2 (39... Bxg2 $1 {[%mdl 512]} 40. Qg3 (40. Bxc5 Ba8) 40... Nh5 $1 41. Qxg2 Rxa3) 40. Nh4 {[#]} c4 (40... Qb7 $1 $19 {[%cal Rd5g2]} 41. Qf5 (41. Bxc5 $2 Bxg2 42. Kg1 Be4 $19) 41... Be4 42. Ng6+ Kh7 43. Nf8+ Kg8 44. Qe6+ Qf7 45. Rxe4 Nxe4 46. Qxe4 Rxa3) 41. Qg3 {[#]} (41. Qf5 $1 $11 {and White has nothing to worry.} Bxg2 42. Ng6+ Kh7 43. Ne7+ Kh8 44. Ng6+ Kh7 45. Ne7+ Kh8 46. Ng6+) 41... c3 $2 (41... Bf7 $1 $19 {Hoping for ...Qb3.} 42. Bc5 d3) 42. Qg6 $2 {[%mdl 8192]} Rxa3 {Black is clearly winning.} 43. Nf5 Qf8 {aiming for ...c2.} 44. Ne7 Bf7 {Weighted Error Value: White=0.77/Black=0.47} 0-1

[Event "Charity Cup MCCT Prel 2022"]
[Site "Online"]
[Date "2022.03.15"]
[Round "3.1"]
[White "Ding, Liren"]
[Black "Niemann, Hans Moke"]
[Result "0-1"]
[WhiteElo "2799"]
[BlackElo "2642"]
[Annotator "TA"]
[PlyCount "86"]
[EventDate "2022.03.18"]
[EventType "tourn"]
[EventCountry "NET"]
[SourceTitle "playchess.com"]
[Source "ChessBase"]
[SourceQuality "1"]

{[%evp 9,86,8,12,7,0,10,14,0,1,0,0,8,12,0,22,13,36,61,42,35,45,-7,0,-16,0,0,-20,-8,-8,-2,-23,-39,-36,-36,-45,-137,-132,-156,-158,-148,-147,-149,-136,-140,0,0,0,0,43,-81,-95,-98,-98,-104,-99,-142,-140,-148,-150,-134,-145,-157,-111,-206,-140,-133,-144,-216,-216,-216,-203,-29993,-266,-29992,-29993,-29993,-29994,-29994,-29995]} 1. c4 e5 2. g3 c6 3. Nf3 e4 4. Nd4 d5 5. cxd5 Qxd5 6. Nc2 {A20: English Opening: 1...e5.} Nf6 7. Nc3 Qe5 $1 {7...Qe5 scores better than 7...Qh5.} 8. Bg2 {The position is equal.} Na6 9. O-O Be7 10. Ne3 O-O {[#]} 11. a3 $146 ({Predecessor:} 11. Qc2 Nc5 12. b3 Ne6 13. Bb2 Nd4 14. Qd1 Rd8 15. Re1 Be6 16. Nc4 Qh5 17. Nxe4 Nxe4 18. Bxe4 {1-0 (50) Tyurin,A (2261)-Zemlyanskii,I (2169) Paracin 2022}) 11... Re8 12. b4 {[%cal Bb2b4,Bb4b5][%mdl 32]} c5 13. b5 Nc7 {[%cal Ba6c7,Bc7e6,Be6d4][%mdl 32]} 14. a4 Ne6 15. Nc4 (15. Bb2 $14) 15... Qh5 $11 16. d3 Nd4 $1 (16... Ng4 $2 17. h3 Nf6 18. dxe4 $18 (18. Nxe4 Nxe4 19. dxe4 Rd8 $14)) 17. dxe4 Bg4 {[%cal Rg4e2,Bc8g4,Bg4e6,Be6d5][%mdl 32]} (17... Ng4 $2 18. h3 Nf6 19. g4 $18) 18. f3 $132 {[%mdl 2048] White is not keeping still} Be6 19. Ne3 {[%cal Oe3d5]} Rad8 {To avoid Ned5} 20. Ned5 Nxd5 21. exd5 Bxd5 22. g4 (22. Nxd5 $15 Qxd5 23. e3) 22... Qe5 $17 {Black is much more active. White has bad knights.} 23. f4 {[#]} Nxe2+ $1 {[%mdl 512]} 24. Nxe2 Qxa1 25. Bxd5 {[%cal Od1c2]} Bf6 {White must now prevent ...Bd4+.} 26. Kh1 c4 (26... Rd7 $17 {And now ...Red8 would win.} 27. g5 Red8 $1 28. gxf6 Rxd5) 27. Ng3 $1 $11 Bb2 {...Bxc1 is the strong threat.} 28. Qc2 Bxc1 (28... Rxd5 $11 {might be stronger.} 29. Bxb2 Qa2) 29. Qxc4 (29. Bxc4 $14 {keeps the upper hand.} Rc8 30. Nf5 (30. Rxc1 $2 Re1+ 31. Rxe1 Qxe1+ 32. Kg2 Qe6 $19) (30. Qxc1 $2 Qxa4 31. Bxf7+ Kxf7 $19)) 29... Rc8 $17 30. Bxf7+ Kh8 31. Qd5 Red8 32. Qxb7 ({Better is} 32. Qh5 Qd4 33. Bg6 Qd5+ 34. Qxd5 Rxd5 35. Be4) 32... Qxa4 33. Be6 Rb8 34. Qe4 {[#]} Qa3 ({Resist} 34... Rd4 35. Qe5 Rxb5 36. Qc7 $18) 35. Bc4 Bb2 (35... Qe3 $142 {Strongly threatening ...Rd4.} 36. f5 Qxe4+ 37. Nxe4 {[#]} Rd4 $1) 36. Nf5 {Inhibits Rd4.} (36. Rf3 $17 Qb4 37. Bd3 Qxe4 38. Nxe4) 36... Qh3 37. Qe2 Bf6 38. Ng3 (38. Re1 $17 h6 39. Qg2 Qxg2+ 40. Kxg2) 38... Re8 $19 39. Qf3 Rbc8 40. Bf7 (40. Bd3 $19 Bd4 41. Ne4 Qxf3+ 42. Rxf3) 40... Red8 $2 (40... Rc2 {mates} 41. Ne2 Qxf3+ 42. Rxf3 Rexe2 43. Rf2 Rxf2 44. Kg1 Rfd2 45. Bc4 Bd4+ 46. Kh1 Rxh2#) 41. g5 $2 {[#]} (41. Ne2 $19 Qxf3+ 42. Rxf3) 41... Rd2 $1 {[%csl Gd2][%cal Rh3h2] Black mates.} 42. Ne2 Qxf3+ 43. Rxf3 Rxe2 {Weighted Error Value: White=0.53/Black=0.25 (precise)} 0-1